zpět

Detail výsledku týmu

Kozlovka, Hradec Králové

Datum a čas kvízu

37 Celkem bodů Celkový počet nahraných bodů na tomto kvízu bez doplňovacích otázek.
7. Pořadí na kvízu Konečné umístění týmu na tomto kvízu.

Zaznamenané odpovědi

# Otázka Odpověď Body Výsledky
1. Která sedmipodlažní budova obc... Kotva 1
2. Na jihokorejských sociálních s... párátka 0
3. Která poměrně mladá zpěvačka z... Billie Eilish 0
4. Minulý týden byl spuštěn elekt... DiPSy 0
5. Trenér Jaroslav Šilhavý po ned... Omán 0
6. Ve třetím díle cestovatelského... z Janských Lázní 1
7. Stále větší oblibě cestovatelů... portugalština 0
8. Kdepak Paříž. Ve kterém městě... v Las Vegas 1
9. S písmenem M se vracíme do Čes... v Moravském Krumlově 0
10. Ve kterém století byl vybudová... v 19. století 1